000 00556nam a2200229Ia 4500
003 OSt
005 20220924152456.0
006 a|||||r|||| 00| 0
007 ta
008 220923b |||||||| |||| 00| 0 mar d
024 _a342677
037 _cTextual
040 _aARTS
_cARTS
_bmar
041 _2mar
_amar
082 _aV235.M5, 155C5
100 _aParshees
_9226775
245 0 _aMarathiche parakram
260 _c1895
650 _aHISTORY
942 _hV235.M5, 155C5
_cTEXL
_2CC
999 _c469961
_d469961